Data structures for business programming /

Introducing data structures. Files and their structures. Arrays, sorting, and searching. Linked lists. Stacks, Queues, and deques. Directories, inverted files, and hashing. Binary trees, multi-way trees, and B-trees.

Shranjeno v:
Bibliografske podrobnosti
Glavni avtor: Knapp, Judith.
Format: Knjiga
Jezik:English
Izdano: New York : McGraw-Hill, 1989.
Teme:
Oznake: Označite
Brez oznak, prvi označite!
Thư viện lưu trữ: Mạng thư viện Đại học Đà Nẵng
LEADER 01091cam a2200349 i 4500
001 000049582
003 9332
005 20030312141507.0
008 010322|1989 vm 000 eng
020 |a 007100775X 
040 |a IRC  |c IRC  |d IRC 
041 0 |a eng 
082 1 4 |a 005.1  |b KN-J 
100 1 |a Knapp, Judith. 
245 0 0 |a Data structures for business programming /  |c Judith Knapp. 
260 |a New York :  |b McGraw-Hill,  |c 1989. 
300 |a 182 p. :  |b ill. ;  |c 23cm. 
520 3 |a Introducing data structures. Files and their structures. Arrays, sorting, and searching. Linked lists. Stacks, Queues, and deques. Directories, inverted files, and hashing. Binary trees, multi-way trees, and B-trees. 
630 0 4 |a Business. 
630 0 4 |a Data processing. 
650 0 4 |a Business  |x Data processing. 
650 0 4 |a Electronic data processing. 
OWN |a DUT 
999 |a From the UDN01 
TYP |a Monograph 
TYP |a Printed language 
980 |a Mạng thư viện Đại học Đà Nẵng